Statistics for AP Classes Available in the United States

Click here to take the quiz!

General Stats

  • This quiz has been taken 581 times
    (551 since last reset)
  • The average score is 28 of 37

Answer Stats

SubjectClass Name% Correct
PoliticsAP U.S. Government
99%
HistoryAP U.S. History
99%
MathAP Calculus AB
95%
MathAP Calculus BC
95%
ScienceAP Chemistry
95%
World Language & CultureAP Spanish Language
95%
World Language & CultureAP Spanish Literature
95%
ScienceAP Biology
94%
World Language & CultureAP French
94%
ArtAP Art History
92%
ScienceAP Physics 1: Algebra-Based
92%
ScienceAP Physics 2: Algebra-Based
92%
ScienceAP Physics C: Electricity and Magnetism
92%
ScienceAP Physics C: Mechanics
92%
EnglishAP Literature
88%
World Language & CultureAP Chinese
86%
World Language & CultureAP German
85%
HistoryAP World History
84%
EnglishAP Language
83%
MathAP Statistics
80%
World Language & CultureAP Japanese
76%
EconomicsAP Macroeconomics
75%
EconomicsAP Microeconomics
74%
World Language & CultureAP Italian
72%
HistoryAP European History
70%
Social SciencesAP Psychology
69%
World Language & CultureAP Latin
67%
ScienceAP Environmental Science
64%
Social SciencesAP Human Geography
57%
ArtAP Studio Art: 3-D Design
56%
ArtAP Studio Art: 2-D Design
55%
CapstoneAP Seminar
49%
ArtAP Studio Art: Drawing
49%
CapstoneAP Research
43%
PoliticsAP Comparative Government
41%
ScienceAP Computer Science
41%
ArtAP Music Theory
40%

Score Distribution

Percentile by Number Answered

Percent of People with Each Score

Your Score History

You have not taken this quiz since the last reset